चलने से मंज़िल मिलती है / (Record no. 39457)
[ view plain ]
| 000 -LEADER | |
|---|---|
| fixed length control field | 01305nam a22002657a 4500 |
| 005 - DATE AND TIME OF LATEST TRANSACTION | |
| control field | 20100805141116.0 |
| 010 ## - LCCN (DPL NO) | |
| LC control number | HIN-90000 |
| 020 ## - INTERNATIONAL STANDARD BOOK NUMBER | |
| International Standard Book Number | 9788189790813 |
| Terms of availability | 150.00 |
| 035 ## - SYSTEM CONTROL NUMBER | |
| System control number | HN-62346 |
| 037 ## - SOURCE OF ACQUISITION | |
| Source of stock number/acquisition | DBAD / VEN |
| 082 ## - DEWEY DECIMAL CLASSIFICATION NUMBER | |
| Classification number | 821 |
| 100 ## - MAIN ENTRY--PERSONAL NAME | |
| Personal name | प्रकाश, तारा |
| 245 ## - TITLE STATEMENT | |
| Title | चलने से मंज़िल मिलती है / |
| Statement of responsibility, etc | तारा प्रकाश |
| 246 ## - VARYING FORM OF TITLE | |
| Title proper/short title | Chalne Se Manzil Milti Hai |
| Remainder of title | by Tara Prakash |
| 260 ## - PUBLICATION, DISTRIBUTION, ETC. (IMPRINT) | |
| Place of publication, distribution, etc | बिजनौर |
| Name of publisher, distributor, etc | हिन्दी साहित्य निकेतन |
| Date of publication, distribution, etc | 2010 |
| 270 ## - ADDRESS | |
| Address | 16, साहित्य विहार |
| City | बिजनौर (उ.प्र.) |
| Telephone number | 01342- 263232 |
| 300 ## - PHYSICAL DESCRIPTION | |
| Extent | 128पृ. |
| Dimensions | 22सेमी (सजिल्द) |
| Other physical details | सचित्र |
| 650 ## - SUBJECT ADDED ENTRY--TOPICAL TERM | |
| Topical term following geographic name as entry element | हिन्दी कविता |
| 650 ## - SUBJECT ADDED ENTRY--TOPICAL TERM | |
| Topical term following geographic name as entry element | Hindi Poetry |
| 700 ## - ADDED ENTRY--PERSONAL NAME | |
| 9 (RLIN) | 5361 |
| 700 ## - ADDED ENTRY--PERSONAL NAME | |
| Personal name | श्रीवास्तव, आलोक |
| 9 (RLIN) | 789 |
| 942 ## - ADDED ENTRY ELEMENTS (KOHA) | |
| Source of classification or shelving scheme | Dewey Decimal Classification |
| Item type | Hindi Books |
| Classification part | 821 |
| Call number suffix | प्रकाश |
| Withdrawn status | Lost status | Not for loan | Collection code | Home library | Current library | Date acquired | Source of acquisition | Cost, normal purchase price | Full call number | Barcode | Copy number | Cost, replacement price | Koha item type |
|---|---|---|---|---|---|---|---|---|---|---|---|---|---|
| Not For Loan | Non-fiction | D.B.Act.Division | D.B.Act.Division | 05/08/2010 | DBAD/PUB | 150.00 | 821 प्रकाश | HN-62346 | 1 | 150.00 | Hindi Books |
